Personnalités Préférée - Statistiques

Statistiques générales
  • Ce quiz a été pris 63 fois
  • Le résultat moyen est 2 sur 12
Answers on the Grid
Answers color-coded by a green-red scale on the quiz's grid according to % correct below.
Neymar Jr
Stephane Bern
Cristiano Ronaldo
Robert De Niro
Vincent Cassel
Jim Carrey
Conor McGregor
Mathew McConaughey
Jake Gyllenhaall
Steven Yeun
Kylian Mbappé
Pierre Niney
Edinson Cavani
Lorent Deutsch
Jack Black
Yann Barthès
Vincent Dedienne
Jennifer
Squeezie
Luis Enrique
Tom Hanks
Harrison Ford
Michou
Natalie Portman
Nikos Aliagas
Mika
Bradley Cooper
Julia Roberts
Vincent Dedienne
Mike Tyson
 
Statistiques - réponses
Réponse % Correct
Julia Roberts
36%
Jim Carrey
31%
Tom Hanks
29%
Neymar Jr
27%
Mika
22%
Stephane Bern
16%
Luis Enrique
11%
Vincent Dedienne
11%
Jack Black
4%
Steven Yeun
4%
Vincent Dedienne
4%
Lorent Deutsch
2%
Aucun quiz correspondant
Distribution des résultats
% des personnes avec chaque résultat
Percentile par nombre de réponses
Votre historique - résultats
Vous n’avez pas pris ce quiz